Les villes dans la Chanson française - Statistiques

Statistiques générales
  • Ce quiz a été pris 1 048 fois
  • Le résultat moyen est 10 sur 20
Statistiques - réponses
Interprète Chanson Ville % Correct
Jacques Brel Dans le port d'... Amsterdam
96%
Chanson folklorique Sur le pont d'... Avignon
90%
Renaud / Axelle Red Manhattan - ... Kaboul
90%
Claude François Les sirènes du port d'... Alexandrie
88%
François Feldman Les Valses de ... Vienne
84%
Etienne Daho Week-End à ... Rome
82%
Serge Gainsbourg Le Poinçonneur des ... Lilas
81%
Eddy Mitchell / Johnny Hallyday Sur la route de ... Memphis
78%
Amadou et Mariam Les dimanches à ... Bamako
71%
Nana Mouskouri Les parapluies de ... Cherbourg
69%
Claude Nougaro Ô mon païs,ô ... Toulouse
62%
Georges Brassens Supplique pour être enterré sur la plage de ... Sète
41%
Fernandel Tout ça c'est ... Marseille
39%
Joe Dassin Il faut naître à ... Monaco
14%
Charles Aznavour Les Galets d'... Etretat
13%
Boris Vian ... , des pavés,du soleil,des visages Barcelone
7%
Charles Trenet Joyeuse cité,celle de ... Carcassonne
4%
Edith Piaf Seul dans le désert et brûlé par le soleil de ... Jérusalem
3%
Bernard Lavilliers Le Buffet de la gare de ... Metz
3%
Christophe Rencontre à ... Las Vegas
2%
Aucun quiz correspondant
Distribution des résultats
% des personnes avec chaque résultat
Percentile par nombre de réponses
Votre historique - résultats
Vous n’avez pas pris ce quiz